North muthal kopallavari.

Saved in:
Bibliographic Details
Format: Book
Published: Colombo Chemamadu Poththakasalai 2008
Subjects:
Tags: Add Tag
No Tags, Be the first to tag this record!

MARC

LEADER 00000nam a2200000 a 4500
003 LK-CoNLD
005 20251117102313.0
008 251117b |||||||| |||| 00| 0 ||| d
040 |b TAM  |c LK-CoNLD 
082 |a 954.93 
245 |a North muthal kopallavari. 
260 |a Colombo  |b Chemamadu Poththakasalai  |c 2008 
300 |a 428p. ; 22cm. 
653 |a Sri Lanka - History 
942 |c AFW 
999 |c 148814  |d 148814 
945 |c 22  |d Logeshwary RAMASAMY